Madres y huachos: Alegorías del mestizaje chileno.

Saved in:
Bibliografiske detaljer
Hovedforfatter: Montecino Aguirre, Sonia (autora)
Format: Ukendt
Udgivet: Santiago, Chile: Catalonia, 2018.
Udgivelse:Octava edición ampliada y actualizada
Serier:Colección Dos Siglos. Bicentenario de Chile.
Fag:
Tags: Tilføj Tag
Ingen Tags, Vær først til at tagge denne postø!

MARC

LEADER 00000 a2200000 4500
003 CL-VaPUC
005 20230117171010.0
008 230109t2018 ||||| |||| 00| 0 eng d
999 |c 439407  |d 439405 
020 |a 978-956-8303-63-1 
040 |c Pontificia Universidad Católica de Valparaíso 
082 |a 305.8 MON 2018 
100 |a Montecino Aguirre, Sonia  |9 342204  |e autora 
245 |a Madres y huachos: Alegorías del mestizaje chileno. 
250 |a Octava edición ampliada y actualizada 
260 |a Santiago, Chile:  |b Catalonia,  |c 2018. 
300 |a 276 páginas. 
490 |a Colección Dos Siglos. Bicentenario de Chile. 
583 |k Cristina María Rojas Aguilar  |c 20230109 
650 |a Mestizaje  |9 314827  |z Chile  
650 0 |a Antropología de género  |9 879835 
650 |a Hijos legítimos  |9 385916  |z Chile 
942 |2 ddc  |c BK 
952 |0 0  |1 0  |2 ddc  |4 0  |6 305_800000000000000_MON_2018  |7 0  |8 A  |9 588563  |a BIBGIM  |b BIBGIM  |d 2023-01-06  |e 3  |g 9723.00  |i 5656343  |l 8  |m 1  |o 305.8 MON 2018  |p 5656343  |r 2025-04-23  |s 2025-04-09  |t 1  |v 9723.00  |w 2023-01-06  |y BK  |k SSL